Estatísticas para Quiz do Mapa da Alemanha

Clique aqui para jogar o quiz

Estatísticas Gerais

  • Esse quiz foi jogado 1 595 vezes
  • A pontuação média é 7 de 16

Respostas no mapa

Respostas codificadas por cores de uma escala verde-vermelha no mapa do quiz de acordo com a % correta abaixo.
 

Estatísticas das Respostas

Resposta% Correto
Berlim
82%
Baviera
65%
Hamburgo
54%
Brandemburgo
51%
Bremen
49%
Renânia do Norte-Vestfália
39%
Baden-Württemberg
38%
Eslésvico-Holsácia
37%
Mecklemburgo-Pomerânia Ocidental
37%
Saxônia
36%
Sarre
34%
Alta Saxônia
33%
Hesse
33%
Renânia-Palatinado
32%
Baixa Saxônia
31%
Turíngia
30%

Distribuição das Pontuações

Percentil de Números Respondidos

Porcentagem de Pessoas com Cada Pontuação

Sua Pontuação Histórica

Você não jogou esse quiz